000 00784nam a2200265 a 4500
003 AR-BaBNM
005 20251128210613.0
008 082120s2002 ||||||||||||||000 | spa||
020 _a950-892-081-5
040 _cAR-BaBNM
100 1 _aGonzález, Alba Susana
245 0 0 _aAndamiajes para la enseñanza de la historia
260 _aBuenos Aires
_bLugar Editorial
_c2000
300 _a89 p.
_bgráfs., tablas
500 _aContiene referencias bibliográficas
650 4 _aENSEÑANZA DE LA HISTORIA
650 4 _aENSEÑANZA DE LAS CIENCIAS SOCIALES
650 4 _aMETODOS DE ENSEÑANZA
653 _aNIVEL MEDIO
653 _aCONTENIDOS CONCEPTUALES
653 _aCONTENIDOS PROCEDIMENTALES
653 _aAPRENDIZAJE SIGNIFICATIVO
942 _cBK
998 _cRaquel
999 _c16137
_d16137